Guide to the WTO and GATT : economics, law and politics (Record no. 300413)
[ view plain ]
| 000 -LEADER | |
|---|---|
| fixed length control field | 00459nam a22001697a 4500 |
| 005 - DATE AND TIME OF LATEST TRANSACTION | |
| control field | 20250708130902.0 |
| 008 - FIXED-LENGTH DATA ELEMENTS--GENERAL INFORMATION | |
| fixed length control field | 250708b |||||||| |||| 00| 0 eng d |
| 020 ## - INTERNATIONAL STANDARD BOOK NUMBER | |
| International Standard Book Number | 9789387839632 |
| 082 ## - DEWEY DECIMAL CLASSIFICATION NUMBER | |
| Classification number | 343.07 KOU |
| 100 ## - MAIN ENTRY--PERSONAL NAME | |
| Personal name | Koul, Autar Krishen. |
| 245 ## - TITLE STATEMENT | |
| Title | Guide to the WTO and GATT : economics, law and politics |
| 250 ## - EDITION STATEMENT | |
| Edition statement | 7th ed. |
| 260 ## - PUBLICATION, DISTRIBUTION, ETC. (IMPRINT) | |
| Place of publication, distribution, etc. | New Delhi |
| Name of publisher, distributor, etc. | Satyam Law International |
| Date of publication, distribution, etc. | 2020 |
| 300 ## - PHYSICAL DESCRIPTION | |
| Extent | xxviii, 680 |
| 942 ## - ADDED ENTRY ELEMENTS (KOHA) | |
| Koha item type | Law Books |
| 942 ## - ADDED ENTRY ELEMENTS (KOHA) | |
| Edition | 7th ed. |
| Date last seen | Total Checkouts | Full call number | Accession number | Date checked out | Copy number | Cost, replacement price | Price effective from | Category | Lost status | Source of classification or shelving scheme | Damaged status | Department | Withdrawn status | bill no. | bill date | Permanent Location | Current Location | Shelving location | Entry date | Vendor | Cost, normal purchase price | Grants | Currency symbol | Conversion rate | Discount | Discount type |
|---|---|---|---|---|---|---|---|---|---|---|---|---|---|---|---|---|---|---|---|---|---|---|---|---|---|---|
| 16/09/2025 | 1 | 343.07 KOU;1 R | LL4067 | 16/09/2025 | 1 | 620.10 | 08/07/2025 | Law Books | Dewey Decimal Classification | LAW | 272 | 01/04/2025 | Law Library | Law Library | Law Library | 20/06/2025 | MPP House | 795.00 | LAW | RS | 1 | 22 | % | |||
| 21/08/2025 | 343.07 KOU;2 R1 | LL4068 | 2 | 620.10 | 08/07/2025 | Law Books | Dewey Decimal Classification | LAW | 272 | 01/04/2025 | Law Library | Law Library | Law Library | 20/06/2025 | MPP House | 795.00 | LAW | RS | 1 | 22 | % |
